Statistics for Asian Geography By Letter G - Picture Quiz

Click here to take the quiz!

General Stats

  • This quiz has been taken 406 times
  • The average score is 10 of 18

Answer Stats

Answer% Correct
Great Wall
98%
Gan
93%
Georgia
93%
Gobi
92%
{Ganges} River
91%
Gaza Strip
91%
Guangzhou
79%
Sea of {Galilee}
70%
{Golan} Heights
62%
Gujarat
54%
Gibbon
45%
Ganesha
43%
{Goa} Trance
31%
Gerbil
29%
Gansu
12%
Gharial
12%
George Town
9%
{Godavari} River
7%

Score Distribution

Percentile by Number Answered

Percent of People with Each Score

Your Score History

You have not taken this quiz